Elecciones en Honduras: un intento de interpretación /

সংরক্ষণ করুন:
গ্রন্থ-পঞ্জীর বিবরন
প্রধান লেখক: Meza, Víctor Orlando
বিন্যাস: পাঠ‍্য
ট্যাগগুলো: ট্যাগ যুক্ত করুন
কোনো ট্যাগ নেই, প্রথমজন হিসাবে ট্যাগ করুন!

MARC

LEADER 00000 a a2200000 04500
001 12722
003
040
100 |a Meza, Víctor Orlando  
245 |a Elecciones en Honduras:   |b un intento de interpretación /  |c Víctor Orlando Meza 
773 |g número 11; páginas 19-28  
999 |c 38920  |d 38920